| 000 | 01751cam a2200493 i 4500 | ||
|---|---|---|---|
| 001 | 21629719 | ||
| 003 | OSt | ||
| 005 | 20240614130857.0 | ||
| 006 | m |o d | | ||
| 007 | cr ||||||||||| | ||
| 008 | 130301s2012 enka ob 001 0 eng | ||
| 010 | _a 2020691032 | ||
| 015 |
_aGBB1D1879 _2bnb |
||
| 016 | 7 |
_a015969818 _2Uk |
|
| 020 |
_a9781134641550 _qebook |
||
| 020 |
_z1444144170 _qpbk. |
||
| 020 |
_z9781444144178 _qpbk. |
||
| 040 |
_aMUST LIB _bMUST _eMUST _cMUST |
||
| 042 | _apcc | ||
| 050 | 0 | 0 | _aGV558 |
| 082 | 0 | 4 |
_a500 _220 _bSEW |
| 100 | 1 |
_aSewell, Dean. _913715 |
|
| 245 | 1 | 0 |
_aSport and exercise science : _ban introduction / _cDean Sewell, Philip Watkins and Murray Griffin. |
| 250 | _aSecond Edition | ||
| 264 | 1 |
_aLondon : _bHodder Education, _c2012. |
|
| 300 | _a1 online resource | ||
| 336 |
_atext _btxt _2rdacontent |
||
| 337 |
_acomputer _bc _2rdamedia |
||
| 338 |
_aonline resource _bcr _2rdacarrier |
||
| 500 | _aPrevious edition: London: Hodder Arnold, 2005. | ||
| 504 | _aIncludes bibliographical references and index. | ||
| 588 | _aDescription based on print version record cip data provided by publisher. | ||
| 650 | 0 |
_aSports sciences. _913716 |
|
| 650 | 0 |
_aSports _xPhysiological aspects. _913717 |
|
| 650 | 0 |
_aExercise _xPhysiological aspects. _913718 |
|
| 650 | 0 |
_aSports _xPsychological aspects. _913719 |
|
| 650 | 0 |
_aExercise _xPsychological aspects. _913720 |
|
| 700 | 1 |
_aWatkins, Philip _q(Philip Huw) _913721 |
|
| 700 | 1 |
_aGriffin, Murray. _913722 |
|
| 776 | 0 | 8 |
_iPrint version: _tSport and exercise science _dLondon : Hodder Education, 2012. _z1444144170 (pbk.) _w(DLC) 2012540535 |
| 906 |
_a7 _bcbc _corigcop _d1 _eecip _f20 _gy-gencatlg |
||
| 942 |
_2ddc _cBOOK |
||
| 999 |
_c8482 _d8482 |
||